000 00296pab a2200121 454500
008 180718b xxu||||| |||| 00| 0 eng d
100 _aGopalaswami, T.V
245 _aAn evaluation of PSUs
650 _a Public Sector
650 _aGovernment Enterprise
773 _aFinancial Express
909 _a1785
999 _c1785
_d1785